| 000 | 00583npc a2200205Ia 4500 | ||
|---|---|---|---|
| 001 | dg9-522 [d000000429] | ||
| 003 | IT-MiCISF | ||
| 008 | 161014s9999||||xx | und|| | ||
| 040 |
_aIT-MiCISF _cIT-MiCISF |
||
| 041 | _ait | ||
| 100 | _aSimonetti Gianfranco | ||
| 245 | 0 | _aDieci anni della legge 180: una legge da confermare o da modificare? | |
| 250 | _a1a ed. | ||
| 260 |
_a L'Aquila _bAssociazione prevenzione droga _c1989 |
||
| 300 | _ap. 35 | ||
| 500 | _a / salute-mentale, terapia, legge / | ||
| 650 | _asalute-cura | ||
| 942 | _cDD | ||
| 957 | _71 | ||
| 999 |
_a522 _bsi _g1 _c207031 _d207031 |
||